very bad plot descriptions - Statistics

General Stats
  • This quiz has been taken 34 times
  • The average score is 4 of 11
Answer Stats
Hint Answer % Correct
Anxious dad chases a kidnapper. His only ally keeps forgetting why. The kid gets indoctrinated by a cult in a glass room. Nobody dies, somehow. finding nemo
67%
Man hates family, loves hotel. Hotel loves him back... violently. Kid rides big wheel, the shining
67%
Sleep consultants plant fake drama in a CEO’s nap. One guy’s dead wife keeps photobombing the mission. Spinning top? Don’t think about it. inception
56%
Depressed heir bails after a workplace accident, chills with freeloaders, then returns to gaslight his uncle into a fire. Circle of life or corporate takeover? the lion king
44%
A dentist frees a slave, they shoot people, crash a dinner party, and blow stuff up all for love. django
41%
Two losers scream about boobs, fail at life, and somehow don’t die from embarrassment. McLovin is the only winner. superbad
41%
Coked-up scammer yells, throws a midget, and wins at losing. the wolf of wall street
41%
Stat-obsessed loser turns baseball into Excel simulator, angers old men, wins anyway moneyball
37%
Loud jeweler screams, gambles, loses everything then finds a magic rock, then chaos ensues uncut gems
26%
Teenagers get hyped for war like it's a COD DLC, then realize respawns are disabled. all quiet on the western front
15%
man gets falsely accused, everyone loses their minds, and somehow the deer are the only sane ones. the hunt
7%
No matching quizzes found
Score Distribution
Percent of People with Each Score
Percentile by Number Answered
Your Score History
You have not taken this quiz